[Event "Hull 4NCL International"]
[Site "Hull"]
[Date "2021.10.24"]
[Round "5.1"]
[White "Klein, Raimund"]
[Black "Spanton, Tim R"]
[Result "0-1"]
[WhiteElo "1979"]
[BlackElo "1979"]
[PlyCount "66"]
[EventDate "2021.10.22"]

1. Nf3 Nc6 2. e4 e5 3. Bc4 Bc5 4. c3 Nf6 5. d4 exd4 6. O-O Nxe4 7. cxd4 Be7 8.
d5 Na5 9. Bd3 f5 10. Qa4 Nc5 11. Qc2 Nxd3 12. Qxd3 O-O 13. Bd2 b6 14. Bxa5 bxa5
15. Nc3 Rb8 16. b3 Rb6 17. Rfe1 Ba6 18. Qe3 Bf6 19. Rac1 f4 20. Qc5 Bb7 21.
Qxa5 Qa8 22. Na4 Rd6 23. Qxc7 Rxd5 24. Nc5 Bc6 25. Qxf4 Bb2 26. Qc4 Bxc1 27.
Rxc1 Kh8 28. Qg4 Rdf5 29. Nd4 Rf4 30. Qd1 Rxf2 31. Rc2 Rxg2+ 32. Rxg2 Bxg2 33.
Nxd7 Rf1+ 0-1

[Event "Hull 4NCL International"]
[Site "Hull"]
[Date "2021.10.24"]
[Round "5.2"]
[White "Coates, Sam"]
[Black "Thackray, John"]
[Result "1/2-1/2"]
[WhiteElo "1959"]
[BlackElo "1948"]
[PlyCount "60"]
[EventDate "2021.10.22"]

1. e4 e5 2. Nf3 Nc6 3. Bb5 a6 4. Ba4 Nf6 5. d3 d6 6. c3 Be7 7. O-O O-O 8. Nbd2
b5 9. Bc2 d5 10. Re1 d4 11. h3 dxc3 12. bxc3 Re8 13. Nf1 Bd6 14. Ng3 Ne7 15. d4
Ng6 16. Bg5 h6 17. Bc1 Bb7 18. d5 c6 19. dxc6 Bxc6 20. a4 Qc7 21. Qe2 Nf4 22.
Qf1 bxa4 23. Bxa4 Bxa4 24. Rxa4 Qxc3 25. Rxa6 Rxa6 26. Qxa6 Bb8 27. Bd2 Qb3 28.
Be3 Nd3 29. Rf1 Nf4 30. Nd2 Qe6 1/2-1/2

[Event "Hull 4NCL International"]
[Site "Hull"]
[Date "2021.10.24"]
[Round "5.3"]
[White "Garnett, John S"]
[Black "Rich, Ben S"]
[Result "0-1"]
[WhiteElo "1927"]
[BlackElo "1990"]
[PlyCount "64"]
[EventDate "2021.10.22"]

1. d4 c5 2. d5 Nf6 3. Nc3 d6 4. e4 a6 5. a4 g6 6. h3 Bg7 7. Nf3 O-O 8. Be2 e6
9. dxe6 Bxe6 10. O-O Nc6 11. Bf4 d5 12. exd5 Nxd5 13. Nxd5 Bxd5 14. c3 Re8 15.
Qc2 Be4 16. Qb3 Na5 17. Qa3 c4 18. Rad1 Qf6 19. Be3 Bf8 20. Bc5 Bc2 21. Rd2
Bxc5 22. Qxc5 Nb3 23. Qxc4 Nxd2 24. Nxd2 Bxa4 25. Qxa4 Rxe2 26. Nf3 Rxb2 27.
Qa3 Qb6 28. Nd4 Rc8 29. Re1 Rb1 30. Rxb1 Qxb1+ 31. Kh2 Qd3 32. Qe7 Qxc3 0-1

[Event "Hull 4NCL International"]
[Site "Hull"]
[Date "2021.10.24"]
[Round "5.4"]
[White "Angheluta, Ovidiu"]
[Black "Carmichael, Ned"]
[Result "1-0"]
[WhiteElo "1970"]
[BlackElo "1900"]
[PlyCount "81"]
[EventDate "2021.10.22"]

1. e4 c5 2. c4 Nc6 3. g3 g6 4. Bg2 Bg7 5. Ne2 d6 6. O-O e5 7. d3 Nge7 8. Nbc3
O-O 9. a3 Be6 10. Rb1 Qd7 11. b4 Rab8 12. f4 f5 13. Nd5 Nd4 14. fxe5 Bxe5 15.
bxc5 dxc5 16. Nef4 fxe4 17. Nxe6 Rxf1+ 18. Qxf1 Qxe6 19. Bxe4 Rf8 20. Qg2 b6
21. Bg5 Ndc6 22. Rf1 Bd4+ 23. Kh1 Rxf1+ 24. Qxf1 Qf7 25. Qe2 Kg7 26. Kg2 h6 27.
Bc1 Nf5 28. Nf4 Nd8 29. Qg4 Ne7 30. Qd7 g5 31. Qxd8 gxf4 32. Bxf4 Ng6 33. Bxg6
Kxg6 34. Qd6+ Bf6 35. Be5 Qe7 36. Qxf6+ Qxf6 37. Bxf6 Kxf6 38. Kf3 Ke5 39. Ke3
h5 40. h3 Kf5 41. d4 1-0

[Event "Hull 4NCL International"]
[Site "Hull"]
[Date "2021.10.24"]
[Round "5.5"]
[White "Robson, Paul E"]
[Black "Cuaresma, Gerald"]
[Result "1/2-1/2"]
[WhiteElo "1957"]
[BlackElo "1863"]
[PlyCount "115"]
[EventDate "2021.10.22"]

1. e4 c5 2. Nf3 Nc6 3. d4 cxd4 4. Nxd4 Nf6 5. Nc3 e5 6. Nb3 Bb4 7. Bd3 d5 8.
exd5 Nxd5 9. Bd2 Nxc3 10. bxc3 Bd6 11. Qh5 Be6 12. O-O g6 13. Qe2 Rc8 14. Rad1
O-O 15. f4 exf4 16. Bxf4 Bxf4 17. Rxf4 Qg5 18. Rdf1 Ne5 19. h4 Qh5 20. Qxh5
gxh5 21. Bf5 Bxf5 22. Rxf5 Rfe8 23. Rg5+ Ng6 24. Rf3 Re1+ 25. Kf2 Re4 26. Nd4
h6 27. Rxh5 Ne5 28. Rg3+ Ng4+ 29. Kf3 Rxc3+ 30. Kxe4 Rxg3 31. Rc5 Rxg2 32. Rc7
Rh2 33. Rxb7 Rxh4 34. Rxa7 Nf2+ 35. Kd5 Rh5+ 36. Kc4 Ne4 37. a4 Nd6+ 38. Kb4
Rd5 39. c3 h5 40. a5 h4 41. Rd7 h3 42. a6 h2 43. a7 Rxd4+ 44. cxd4 h1=Q 45.
Rd8+ Kg7 46. a8=Q Qb1+ 47. Kc3 Qc1+ 48. Kd3 Qc4+ 49. Ke3 Qc3+ 50. Ke2 Qc2+ 51.
Kf3 Qc3+ 52. Kg2 Qd2+ 53. Kh1 Qe1+ 54. Kh2 Qh4+ 55. Kg2 Qg4+ 56. Kf1 Qd1+ 57.
Kg2 Qg4+ 58. Kh2 1/2-1/2

[Event "Hull 4NCL International"]
[Site "Hull"]
[Date "2021.10.24"]
[Round "5.6"]
[White "Cordova Lopez, Diego Anton"]
[Black "Cukovs, Oleg"]
[Result "1/2-1/2"]
[WhiteElo "1911"]
[BlackElo "1855"]
[PlyCount "28"]
[EventDate "2021.10.22"]

1. e4 Nf6 2. e5 Nd5 3. d4 d6 4. Bc4 Nb6 5. Bb3 dxe5 6. Qh5 e6 7. dxe5 Nc6 8.
Nc3 Nd4 9. Be3 Nxb3 10. axb3 c6 11. Nf3 g6 12. Qg5 Be7 13. Qh6 Bf8 14. Qg5 Be7
1/2-1/2

[Event "Hull 4NCL International"]
[Site "Hull"]
[Date "2021.10.24"]
[Round "5.7"]
[White "Idle, Oscar J"]
[Black "Webb, Nicholas"]
[Result "1-0"]
[WhiteElo "1996"]
[BlackElo "1653"]
[PlyCount "58"]
[EventDate "2021.10.22"]

1. d4 Nf6 2. c4 e6 3. g3 Bb4+ 4. Nd2 O-O 5. Bg2 d5 6. Ngf3 Nbd7 7. O-O b6 8.
cxd5 exd5 9. Ne5 Bb7 10. Ndf3 Re8 11. Qa4 Bd6 12. Bf4 a6 13. Nxd7 Nxd7 14. Bxd6
cxd6 15. e3 b5 16. Qa3 Nf6 17. Rfc1 Qb6 18. Rc2 b4 19. Qa4 a5 20. Rac1 Rec8 21.
Bh3 Rc4 22. Nd2 Bc6 23. Qb3 Rxc2 24. Qxc2 Bb7 25. Qc7 Qa6 26. Bf1 Qa7 27. Qxd6
h6 28. Nf3 Ne4 29. Qe7 Qb6 1-0

[Event "Hull 4NCL International"]
[Site "Hull"]
[Date "2021.10.24"]
[Round "5.8"]
[White "Mcdonnell, James J"]
[Black "Wynarczyk, Raymond"]
[Result "1-0"]
[WhiteElo "1858"]
[BlackElo "1912"]
[PlyCount "57"]
[EventDate "2021.10.22"]

1. e4 e5 2. Nf3 d6 3. d4 exd4 4. Nxd4 Nf6 5. Nc3 Be7 6. Bf4 O-O 7. Qd2 a6 8.
O-O-O b5 9. f3 Bb7 10. g4 Nc6 11. Nxc6 Bxc6 12. Be2 Re8 13. Qe1 Qb8 14. h4 Qb6
15. h5 b4 16. Nb1 Bb5 17. Nd2 Bxe2 18. Qxe2 Qb5 19. Qg2 c5 20. g5 Nd7 21. g6 c4
22. gxh7+ Kxh7 23. Rdg1 Rg8 24. Qg6+ Kh8 25. Qxf7 Bf6 26. Rg6 Nf8 27. h6 Nh7
28. hxg7+ Bxg7 29. Rxh7+ 1-0

[Event "Hull 4NCL International"]
[Site "Hull"]
[Date "2021.10.24"]
[Round "5.9"]
[White "Cawston, M John"]
[Black "Doherty, Paul D"]
[Result "1-0"]
[WhiteElo "1861"]
[BlackElo "1780"]
[PlyCount "131"]
[EventDate "2021.10.22"]

1. e4 Nc6 2. d4 e5 3. Nf3 exd4 4. Nxd4 Qh4 5. Nc3 Bb4 6. Be2 Qxe4 7. Nf3 Nf6 8.
O-O Bxc3 9. bxc3 O-O 10. Re1 Qa4 11. Bd3 Qa5 12. Bd2 d6 13. h3 h6 14. c4 Qa4
15. Bc3 Nh7 16. Qd2 Be6 17. Re3 Bxc4 18. Bxg7 Rfe8 19. Rxe8+ Rxe8 20. Bxh6 Bxd3
21. cxd3 Ne5 22. Ng5 Qd4 23. Re1 Qh4 24. Ne4 Nxd3 25. Re3 Re6 26. Rg3+ Rg6 27.
Rxg6+ fxg6 28. Qe3 Ne5 29. Bf4 Qe7 30. Ng5 Nxg5 31. Bxg5 Qf7 32. Qxa7 Nd3 33.
Be3 c6 34. Qb8+ Kh7 35. Qxd6 Nb2 36. Qd4 Nc4 37. Qh4+ Kg8 38. Bd4 Kf8 39. Qd8+
Qe8 40. Bg7+ Kf7 41. Qf6+ Kg8 42. Bh6 Qe1+ 43. Kh2 Qe5+ 44. Qxe5 Nxe5 45. Kg3
Kf7 46. Bd2 Kf6 47. Kf4 g5+ 48. Ke4 Ng6 49. g3 Ne7 50. Bc3+ Ke6 51. Bd2 Kf6 52.
f4 gxf4 53. Bxf4 Nd5 54. Bd2 Kg6 55. Ke5 Nb6 56. Kd4 Nd7 57. g4 b6 58. Bf4 Nf6
59. Bc7 Nd5 60. Bd6 Kg5 61. Bg3 Nf6 62. Ke5 Nxg4+ 63. hxg4 Kxg4 64. Bf2 c5 65.
a4 Kf3 66. Bxc5 1-0

[Event "Hull 4NCL International"]
[Site "Hull"]
[Date "2021.10.24"]
[Round "5.10"]
[White "Allison, Paul A"]
[Black "Brencher, Paul"]
[Result "0-1"]
[WhiteElo "1779"]
[BlackElo "1968"]
[PlyCount "76"]
[EventDate "2021.10.22"]

1. e4 d6 2. d4 Nf6 3. Nc3 c6 4. Be3 Qb6 5. Qd2 Qxb2 6. Rb1 Qa3 7. Rb3 Qa5 8. h3
Nbd7 9. Nf3 e5 10. Be2 Be7 11. O-O O-O 12. Nd5 Qd8 13. Nxe7+ Qxe7 14. Bd3 Rd8
15. Qe2 b6 16. dxe5 dxe5 17. Rbb1 Nc5 18. Bxc5 Qxc5 19. Rfe1 Qe7 20. Qd2 Bb7
21. Qg5 Re8 22. Nh4 h6 23. Qg3 Bc8 24. Nf5 Bxf5 25. exf5 e4 26. Re3 Qd7 27. Bc4
Qxf5 28. Qc7 Nd5 29. Bxd5 cxd5 30. Rg3 d4 31. Qd6 Rad8 32. Qxh6 g6 33. Rb5 Qf6
34. Rbg5 Re6 35. Rh5 Qg7 36. Qg5 Red6 37. Rh4 d3 38. Rxe4 d2 0-1

[Event "Hull 4NCL International"]
[Site "Hull"]
[Date "2021.10.24"]
[Round "5.11"]
[White "Ortiz Sanchez, Luis"]
[Black "Patrick, David A"]
[Result "0-1"]
[WhiteElo "1962"]
[BlackElo "1843"]
[PlyCount "104"]
[EventDate "2021.10.22"]

1. d4 d5 2. Nf3 Nf6 3. c3 c6 4. Qc2 g6 5. Bf4 Bf5 6. Qb3 Qb6 7. Qxb6 axb6 8.
Nbd2 Nbd7 9. h3 h5 10. e3 b5 11. Be2 Bg7 12. Ng5 h4 13. O-O Nh5 14. Bh2 e5 15.
dxe5 Bxe5 16. e4 Bxh2+ 17. Kxh2 dxe4 18. Ndxe4 Bxe4 19. Nxe4 Nf4 20. Bf3 Kf8
21. a3 Ne5 22. Bd1 Rd8 23. a4 bxa4 24. Rxa4 Ne6 25. Bb3 b5 26. Ra7 Nc4 27. Bxc4
bxc4 28. Ra4 f5 29. f3 fxe4 30. fxe4+ Ke7 31. Rxc4 Rd2 32. e5 Rf8 33. Rxf8 Nxf8
34. b4 g5 35. Rxc6 Ne6 36. b5 Nf4 37. b6 Rxg2+ 38. Kh1 Rb2 39. c4 Nxh3 40. Rh6
Nf2+ 41. Kg1 Ng4 42. Rh7+ Ke6 43. c5 Nxe5 44. b7 Kd5 45. Rg7 Kc6 46. Kf1 Nf3
47. Rg6+ Kxc5 48. Rf6 g4 49. Rg6 h3 50. Rh6 Rxb7 51. Rh8 Rb1+ 52. Kf2 h2 0-1

[Event "Hull 4NCL International"]
[Site "Hull"]
[Date "2021.10.24"]
[Round "5.12"]
[White "Lacoult, Maxime"]
[Black "Ter Gevorkian, Edouardos"]
[Result "1-0"]
[WhiteElo "1428"]
[BlackElo "1945"]
[PlyCount "43"]
[EventDate "2021.10.22"]

1. b3 d5 2. Bb2 Nc6 3. e3 Nf6 4. Nf3 Bg4 5. Bb5 Qd6 6. h3 Bxf3 7. Qxf3 a6 8.
Be2 Nb4 9. Na3 e5 10. O-O Ne4 11. Nc4 Qe6 12. d3 Ng5 13. Qh5 Nxh3+ 14. Kh2 dxc4
15. Bg4 Qh6 16. Qxh6 gxh6 17. Bxe5 Nxf2 18. Rxf2 Bg7 19. Bxg7 Rg8 20. Bc3 Rxg4
21. Bxb4 cxd3 22. Bc3 1-0

[Event "Hull 4NCL International"]
[Site "Hull"]
[Date "2021.10.24"]
[Round "5.13"]
[White "Brown, Geoffrey D"]
[Black "Crow, Stephen"]
[Result "1/2-1/2"]
[WhiteElo "1893"]
[BlackElo "1801"]
[PlyCount "121"]
[EventDate "2021.10.22"]

1. e4 e6 2. Nf3 d5 3. e5 c5 4. b4 cxb4 5. d4 Nc6 6. a3 Bd7 7. axb4 Bxb4+ 8. c3
Be7 9. Bd3 a6 10. O-O b5 11. Bf4 Na5 12. Nfd2 Bc6 13. Qg4 g6 14. Re1 Nc4 15.
Nxc4 dxc4 16. Bc2 h5 17. Qe2 Bg5 18. Bxg5 Qxg5 19. Be4 Bxe4 20. Qxe4 Qd8 21.
Qc6+ Kf8 22. Rxa6 Rxa6 23. Qxa6 Qd7 24. Nd2 Ne7 25. Ne4 Kg7 26. Rb1 Rb8 27. Nd6
Nd5 28. Qa3 Qc6 29. Qc1 f5 30. Ra1 Ra8 31. Rxa8 Qxa8 32. Nxb5 Qa4 33. Qb1 Qb3
34. Qxb3 cxb3 35. c4 b2 36. Na3 Nc3 37. d5 exd5 38. cxd5 Nxd5 39. Nb1 Kf7 40.
g3 f4 41. Kf1 Ke6 42. Ke2 Kxe5 43. Kd3 fxg3 44. fxg3 g5 45. Nd2 Kf5 46. Kd4 Nf6
47. h3 Ne4 48. g4+ hxg4 49. hxg4+ Kf4 50. Nb1 Nf2 51. Kc3 Ke3 52. Kxb2 Nxg4 53.
Nc3 Nf6 54. Kc2 g4 55. Kd1 Kf2 56. Kd2 g3 57. Nd1+ Kf3 58. Ne3 Ne4+ 59. Kd3
Nf2+ 60. Kd2 Ng4 61. Nf5 1/2-1/2

[Event "Hull 4NCL International"]
[Site "Hull"]
[Date "2021.10.24"]
[Round "5.14"]
[White "Arora, Tashika"]
[Black "Lawrence, Spencer"]
[Result "1-0"]
[WhiteElo "1889"]
[BlackElo "1686"]
[PlyCount "99"]
[EventDate "2021.10.22"]

1. d4 d5 2. Nf3 Nf6 3. c4 c6 4. Nc3 a6 5. c5 Bf5 6. Bf4 b5 7. e3 Nbd7 8. Be2 e6
9. Nd2 Be7 10. g4 Be4 11. Ncxe4 Nxe4 12. Nxe4 dxe4 13. Qc2 f5 14. f3 Bh4+ 15.
Bg3 Qa5+ 16. Kf2 Bxg3+ 17. hxg3 Nf6 18. g5 Nd5 19. f4 Kd7 20. Rh3 Qd8 21. Rah1
Qg8 22. g4 g6 23. Qd1 Ra7 24. R1h2 Kc8 25. Qh1 Kb8 26. Bd1 Qg7 27. gxf5 exf5
28. Bb3 Nxf4 29. exf4 Qxd4+ 30. Ke1 Qxc5 31. Rc3 Qd6 32. Qf1 Rd7 33. Qf2 Kb7
34. Qe3 Rc8 35. a3 c5 36. Rd2 Qxd2+ 37. Qxd2 Rxd2 38. Kxd2 Rd8+ 39. Ke2 c4 40.
Bc2 Kb6 41. Rh3 Rd7 42. Rh1 Kc5 43. Ke3 Kc6 44. Rd1 Rxd1 45. Bxd1 Kc5 46. b3 c3
47. b4+ Kc4 48. Bc2 Kd5 49. Bb3+ Kd6 50. Kd4 1-0

[Event "Hull 4NCL International"]
[Site "Hull"]
[Date "2021.10.24"]
[Round "5.15"]
[White "Di-Vetta, Andrew"]
[Black "Georgiou, Denis"]
[Result "0-1"]
[WhiteElo "1803"]
[BlackElo "1863"]
[PlyCount "130"]
[EventDate "2021.10.22"]

1. c4 c5 2. Nc3 Nc6 3. g3 g6 4. Bg2 Bg7 5. d3 e5 6. e3 Nge7 7. Nge2 O-O 8. O-O
d6 9. f4 Bg4 10. h3 Be6 11. Nd5 Rb8 12. Nec3 a6 13. Rb1 b5 14. Nxe7+ Nxe7 15.
Nd5 Nxd5 16. cxd5 Bd7 17. Bd2 b4 18. b3 f5 19. e4 Bb5 20. Rf3 a5 21. Qc2 Qb6
22. Kh2 Qa6 23. g4 fxg4 24. hxg4 exf4 25. Bc1 a4 26. Bb2 axb3 27. axb3 g5 28.
Bxg7 Kxg7 29. Qb2+ Kg6 30. Ra1 Qc8 31. Bh3 Bd7 32. Rg1 Ra8 33. d4 cxd4 34. Qxd4
Ra2+ 35. Kh1 Re8 36. Qxb4 Qb8 37. Qxb8 Rxb8 38. Bf1 Rb2 39. Bc4 Ra8 40. Bf1
Raa2 41. Rg2 Rxg2 42. Bxg2 Bxg4 43. Rc3 f3 44. Bxf3 Bxf3+ 45. Rxf3 Re2 46. b4
Rxe4 47. Rb3 Re8 48. b5 Rb8 49. Kg2 h5 50. b6 Kf5 51. b7 Ke5 52. Kg3 Kxd5 53.
Rb5+ Kc4 54. Rxg5 Rxb7 55. Rxh5 Rf7 56. Rh4+ Kd3 57. Rh5 Rf6 58. Ra5 Kd4 59.
Ra4+ Kc5 60. Ra5+ Kb4 61. Rh5 Kc4 62. Rh4+ Kc5 63. Rh8 d5 64. Rc8+ Kd4 65. Ra8
Ke4 0-1

[Event "Hull 4NCL International"]
[Site "Hull"]
[Date "2021.10.24"]
[Round "5.16"]
[White "Turner, Tim M"]
[Black "Macphail, Kieran"]
[Result "1/2-1/2"]
[WhiteElo "1893"]
[BlackElo "1798"]
[PlyCount "60"]
[EventDate "2021.10.22"]

1. d4 Nf6 2. Nf3 d5 3. g3 c6 4. Bg2 Bg4 5. Ne5 Bf5 6. c4 e6 7. Qb3 Qb6 8. c5
Qxb3 9. axb3 Nbd7 10. f4 Nxe5 11. fxe5 Nd7 12. Nc3 f6 13. exf6 Nxf6 14. b4 a6
15. O-O Be7 16. h3 O-O 17. Bf4 h6 18. Be5 Nd7 19. g4 Bh7 20. e4 Nxe5 21. dxe5
Rxf1+ 22. Rxf1 d4 23. Ne2 Bg5 24. Nf4 Bxf4 25. Rxf4 a5 26. Rf2 axb4 27. Rd2 Rd8
28. Kf2 Kf7 29. Ke2 Kg6 30. h4 Kf7 1/2-1/2

[Event "Hull 4NCL International"]
[Site "Hull"]
[Date "2021.10.24"]
[Round "5.17"]
[White "Gordon, Sean"]
[Black "Holi, Siefaldin A"]
[Result "1-0"]
[WhiteElo "1868"]
[BlackElo "1750"]
[PlyCount "131"]
[EventDate "2021.10.22"]

1. c4 e5 2. Nc3 Nf6 3. g3 Nc6 4. Bg2 h5 5. h3 d6 6. Nf3 Be6 7. d3 Qd7 8. Ng5
Bf5 9. e4 Bg6 10. Be3 h4 11. g4 Be7 12. O-O O-O-O 13. Rb1 Nd4 14. f4 c5 15. f5
Bh7 16. Nxf7 Rdf8 17. Nxh8 Rxh8 18. g5 Ne8 19. a3 Bg8 20. b4 Qd8 21. Qg4 Kb8
22. Rb2 Bf7 23. g6 Nf6 24. Qd1 Be8 25. Nd5 Nh5 26. Qd2 Ng3 27. Rfb1 Bc6 28.
bxc5 dxc5 29. a4 Rh5 30. Nxe7 Qxe7 31. a5 a6 32. Rb6 Kc8 33. Kh2 Kd8 34. Bxd4
exd4 35. Rxc6 Qe5 36. Re6 Nf1+ 37. Kg1 Nxd2 38. Rxe5 Nxb1 39. Rxc5 Nc3 40. f6
Rh8 41. f7 Ne2+ 42. Kh2 Nf4 43. Rg5 Rf8 44. Bf1 Ke7 45. Rg4 Ne6 46. Rxh4 Kf6
47. Rg4 Rc8 48. Kg3 Nf8 49. e5+ Kxe5 50. Re4+ Kf6 51. Re8 Rc5 52. Rxf8 Kxg6 53.
Rb8 Kxf7 54. Rxb7+ Kf8 55. Kf4 Rxa5 56. Ke4 Ra1 57. Bg2 Rg1 58. Bf3 Rf1 59. Ra7
Ra1 60. Kxd4 a5 61. c5 Ke8 62. c6 a4 63. c7 Ke7 64. c8=Q+ Kf6 65. Qc6+ Kg5 66.
Rxg7+ 1-0

[Event "Hull 4NCL International"]
[Site "Hull"]
[Date "2021.10.24"]
[Round "5.18"]
[White "Dukalev, Oleg"]
[Black "Clegg, Robert"]
[Result "0-1"]
[WhiteElo "1728"]
[BlackElo "1854"]
[PlyCount "102"]
[EventDate "2021.10.22"]

1. e4 e6 2. d4 d5 3. a3 dxe4 4. Nc3 Nf6 5. Bc4 Be7 6. Nge2 b6 7. O-O O-O 8. h3
Bb7 9. Ng3 c5 10. dxc5 Qxd1 11. Rxd1 Bxc5 12. Bg5 Nbd7 13. Bb5 Rfd8 14. Bxd7
Rxd7 15. Rxd7 Nxd7 16. Ncxe4 f6 17. Bd2 Be7 18. Be3 Rc8 19. Rd1 Nf8 20. c3 Rd8
21. Rxd8 Bxd8 22. Nd6 Ba6 23. c4 Bc7 24. Nb5 Bxb5 25. cxb5 e5 26. Ne2 Kf7 27.
Nc3 Ke6 28. Kf1 f5 29. f3 Nd7 30. Ke2 Nf6 31. Kd3 Nd5 32. Nxd5 Kxd5 33. b3 h6
34. a4 Bd6 35. Bd2 g5 36. Bc3 h5 37. Bd2 e4+ 38. fxe4+ fxe4+ 39. Ke2 Bf4 40.
Bc3 Be5 41. Bxe5 Kxe5 42. Ke3 Kd5 43. g4 hxg4 44. hxg4 Ke5 45. b4 Kd5 46. a5
Ke5 47. a6 Kd5 48. Kd2 Kd4 49. Ke2 e3 50. Ke1 Kd3 51. Kd1 Ke4 0-1

[Event "Hull 4NCL International"]
[Site "Hull"]
[Date "2021.10.24"]
[Round "5.19"]
[White "May, Paul"]
[Black "Sainbayar, Anuurai"]
[Result "1-0"]
[WhiteElo "1840"]
[BlackElo "1568"]
[PlyCount "75"]
[EventDate "2021.10.22"]

1. d4 b5 2. e4 Bb7 3. Bxb5 Bxe4 4. Nf3 e6 5. O-O h6 6. Re1 Nf6 7. c4 Be7 8. Nc3
Bb7 9. a3 a5 10. Bf4 O-O 11. h3 d6 12. Nh2 Nbd7 13. g4 Nh7 14. Bxd7 Qxd7 15. d5
Ng5 16. Kg2 exd5 17. cxd5 f5 18. Qd2 Ne6 19. Bxh6 gxh6 20. Qxh6 Rf6 21. Qe3
fxg4 22. Nxg4 Nf4+ 23. Kh2 Rf7 24. Rg1 Kh7 25. Qg3 Qf5 26. Rae1 Nh5 27. Qg2 Nf4
28. Qf3 Bxd5 29. Nxd5 Nxd5 30. Qg2 Rg8 31. Rd1 Nf4 32. Nf6+ Rxf6 33. Qxg8+ Kh6
34. Qg7+ Kh5 35. Qh8+ Rh6 36. Qe8+ Rg6 37. Rg4 Bg5 38. Rdg1 1-0

[Event "Hull 4NCL International"]
[Site "Hull"]
[Date "2021.10.24"]
[Round "5.21"]
[White "Leigh, Dominic"]
[Black "Connor, Michael I"]
[Result "1/2-1/2"]
[WhiteElo "1720"]
[BlackElo "1773"]
[PlyCount "54"]
[EventDate "2021.10.22"]

1. d4 Nf6 2. c4 g6 3. Nf3 Bg7 4. g3 O-O 5. Bg2 d5 6. cxd5 Nxd5 7. e4 Nb4 8. a3
N4c6 9. d5 Ne5 10. Nxe5 Bxe5 11. O-O c6 12. Nc3 e6 13. Be3 exd5 14. exd5 cxd5
15. Bxd5 Nc6 16. Bc5 Re8 17. Qf3 Qf6 18. Qxf6 Bxf6 19. Ne4 Bxb2 20. Bxf7+ Kxf7
21. Nd6+ Kg8 22. Nxe8 Bxa1 23. Rxa1 b6 24. Nc7 Rb8 25. Bd6 Bf5 26. Nd5 Rd8 27.
Ne7+ Nxe7 1/2-1/2

[Event "Hull 4NCL International"]
[Site "Hull"]
[Date "2021.10.24"]
[Round "5.23"]
[White "Cuaresma, Bien"]
[Black "Rich, Aaron"]
[Result "1-0"]
[WhiteElo "1713"]
[BlackElo "1578"]
[PlyCount "122"]
[EventDate "2021.10.22"]

{[%evp 0,122,18,38,58,71,49,57,46,29,70,36,51,-31,-17,5,-3,-3,50,23,19,30,71,
35,73,50,31,42,109,38,73,-10,-7,-49,-38,-87,-63,-187,-98,-98,-107,-103,-110,
-110,-88,-135,-137,-177,-149,-181,-164,-164,-177,-187,-131,-206,-145,-94,-94,
-127,-104,-155,-130,-176,-98,-181,-94,-128,-124,-105,0,-150,-150,-144,-142,
-611,-167,-312,-116,-96,-81,-117,-106,-245,-83,-84,-71,-70,-58,-56,-56,-77,0,
-1,0,-56,-45,-44,0,0,0,-22,0,0,22,0,0,-43,-43,-73,-44,-87,-78,-121,-91,-170,
-160,-160,254,-122,-95,-99,-84,-86,-26]} 1. d4 b6 2. e4 e6 3. Ne2 Bb7 4. Ng3 d5
5. e5 Nd7 6. Be2 c5 7. c3 Ne7 8. O-O Qc7 9. Na3 a6 10. Nc2 O-O-O 11. f4 f6 12.
exf6 gxf6 13. Bh5 Ng6 14. Qd3 f5 15. Be3 Bd6 16. Ne2 Rhg8 17. Ne1 Nf6 18. Ng3
Bxf4 19. Bxg6 Bxg3 20. hxg3 Rxg6 21. Bf4 Qg7 22. Rf3 Ne4 23. Be5 Qe7 24. Rc1 c4
25. Qe3 Rdg8 26. b3 h5 27. Rc2 h4 28. gxh4 Qxh4 29. Rh3 Qe7 30. Nf3 Rg4 31. Bf4
Qg7 32. Ne1 Rh8 33. Rxh8+ Qxh8 34. Nf3 Qh3 35. Nh2 Qxe3+ 36. Bxe3 Rg3 37. Kf1
Bc6 38. Bf2 Nxf2 39. Kxf2 f4 40. b4 Be8 41. Re2 Kd7 42. Nf3 Kd6 43. Re1 a5 44.
bxa5 bxa5 45. Rh1 Bg6 46. Rh4 Bb1 47. a3 Rg7 48. Rxf4 Rb7 49. Ne5 Rb2+ 50. Kf1
Bc2 51. g4 Rb7 52. g5 Bf5 53. g6 Rg7 54. Ke2 Ke7 55. Rf2 Bxg6 56. Ke3 Bf5 57.
Nc6+ Kd6 58. Ne5 Rd7 59. Ra2 Rh7 60. Rg2 a4 61. Kf4 Rb7 {neither scoresheet
legible} 1-0

[Event "Hull 4NCL International"]
[Site "Hull"]
[Date "2021.10.22"]
[Round "1.1"]
[White "Bullock, Lee"]
[Black "Dunn, Giles"]
[Result "0-1"]
[WhiteElo "1584"]
[BlackElo "1698"]
[PlyCount "50"]
[EventDate "2021.10.22"]

1. d4 Nf6 2. Bf4 g6 3. e3 Bg7 4. Nf3 d6 5. Bd3 Nbd7 6. c3 c5 7. Nbd2 O-O 8. Qc2
cxd4 9. exd4 Nb6 10. O-O-O Nbd5 11. Bg5 Bd7 12. Kb1 Rc8 13. a3 b5 14. Qb3 Be6
15. Qxb5 Nxc3+ 16. bxc3 Rb8 17. Qxb8 Qxb8+ 18. Kc2 Qc7 19. Bxf6 Bxf6 20. Ne4
Bg7 21. Rb1 Rc8 22. Ba6 Bf5 23. Bd3 Bxe4 24. Bxe4 Qxc3+ 25. Kd1 d5 0-1

[Event "Hull 4NCL International"]
[Site "Hull"]
[Date "2021.10.22"]
[Round "1.2"]
[White "Webster, Vivien"]
[Black "Summerland, David"]
[Result "1-0"]
[WhiteElo "1696"]
[BlackElo "1548"]
[PlyCount "81"]
[EventDate "2021.10.22"]

1. e4 e5 2. Nf3 Nc6 3. Bc4 h6 4. a3 Nf6 5. d3 Bc5 6. h3 d6 7. O-O g5 8. Be3
Bxe3 9. fxe3 g4 10. Nh4 gxh3 11. g3 Rg8 12. Kh2 Ng4+ 13. Kh1 Be6 14. Bxe6 fxe6
15. Nc3 Nxe3 16. Qh5+ Kd7 17. Rf7+ Kc8 18. Ng6 a6 19. Qxh6 b5 20. Nh4 Kb7 21.
Qxe3 Qg5 22. Qxg5 Rxg5 23. Ne2 Nd4 24. Nxd4 exd4 25. Kh2 Rag8 26. Rg1 Rc5 27.
Rf2 a5 28. Nf3 e5 29. Nh4 b4 30. axb4 axb4 31. Ra1 Ra8 32. Rxa8 Kxa8 33. b3 Kb7
34. Nf5 Ra5 35. Ne7 c6 36. g4 d5 37. g5 dxe4 38. dxe4 c5 39. g6 Ra2 40. g7 d3
41. g8=Q 1-0

[Event "Hull 4NCL International"]
[Site "Hull"]
[Date "2021.10.22"]
[Round "1.3"]
[White "Vdovycia, Titas"]
[Black "Patterson, Dave"]
[Result "1-0"]
[WhiteElo "1479"]
[BlackElo "1692"]
[PlyCount "101"]
[EventDate "2021.10.22"]

1. e4 e6 2. d4 d5 3. Nd2 Nf6 4. Bd3 c5 5. c3 Nc6 6. Ngf3 Qb6 7. exd5 Nxd5 8.
Nc4 Qc7 9. Ne3 Nf6 10. O-O Bd7 11. Re1 O-O-O 12. Nc2 Bd6 13. h3 h6 14. Be3 Ne7
15. dxc5 Bxc5 16. Bxc5 Qxc5 17. Qe2 Nfd5 18. Be4 Bc6 19. Ne5 Nf4 20. Qf3 Qxe5
21. Bxc6 Qc7 22. Bxb7+ Kb8 23. Nb4 Qxb7 24. Qxf4+ Ka8 25. Qxf7 a5 26. Qxe6 axb4
27. Qxe7 Qb6 28. Qe4+ Ka7 29. Qxb4 Qxb4 30. cxb4 g5 31. Re7+ Kb6 32. Rae1 Rd2
33. a4 Kc6 34. R1e6+ Kd5 35. Rd7+ Kxe6 36. Rxd2 Rc8 37. b5 Rc4 38. b3 Rb4 39.
Re2+ Kf5 40. Re3 h5 41. g3 h4 42. Kf1 g4 43. hxg4+ Kxg4 44. gxh4 Kxh4 45. Ke2
Kg5 46. Kd2 Rf4 47. f3 Kf5 48. Kc2 Rh4 49. b6 Rh6 50. a5 Kf4 51. Rc3 1-0

[Event "Hull 4NCL International"]
[Site "Hull"]
[Date "2021.10.22"]
[Round "1.4"]
[White "Catto, Joseph"]
[Black "Babb, Fergus"]
[Result "1-0"]
[WhiteElo "1690"]
[BlackElo "1465"]
[PlyCount "46"]
[EventDate "2021.10.22"]

1. c4 Nf6 2. g3 c6 3. Bg2 d5 4. d4 Bf5 5. Nc3 e6 6. Nf3 Be7 7. Nh4 Bg6 8. Nxg6
hxg6 9. cxd5 exd5 10. O-O Nbd7 11. Re1 Bb4 12. e4 Kf8 13. e5 Ne8 14. h4 f6 15.
Qg4 fxe5 16. dxe5 Bxc3 17. bxc3 Qe7 18. Bg5 Qf7 19. e6 Nef6 20. Qf4 Qe7 21.
exd7 Qxd7 22. Bxf6 gxf6 23. Qxf6+ Qf7 1-0

[Event "Hull 4NCL International"]
[Site "Hull"]
[Date "2021.10.22"]
[Round "1.5"]
[White "Jerome, Stelio"]
[Black "Fisher, Neal"]
[Result "0-1"]
[WhiteElo "1445"]
[BlackElo "1684"]
[PlyCount "88"]
[EventDate "2021.10.22"]

1. e4 e5 2. Nf3 Nf6 3. Nxe5 Bc5 4. d4 Bb6 5. Bc4 O-O 6. O-O d6 7. Nf3 Nxe4 8.
Re1 Nf6 9. c3 d5 10. Bd3 c6 11. Bg5 h6 12. Bh4 Bg4 13. Nbd2 Nbd7 14. Qc2 Bc7
15. Ne5 Be6 16. Ndf3 Qb8 17. Bg3 c5 18. Rac1 c4 19. Bf5 Bxf5 20. Qxf5 Nb6 21.
Nh4 Qc8 22. Neg6 fxg6 23. Qxg6 Ne4 24. Bxc7 Qxc7 25. Nf5 Rf6 26. Qh5 Raf8 27.
f3 Rxf5 28. Qh4 Rf4 29. Qh3 Ng5 30. Qg3 R4f7 31. Re5 Qd7 32. Rce1 Nxf3+ 33.
gxf3 Rxf3 34. Qg2 Qh3 35. Qxh3 Rxh3 36. Re7 Rf7 37. Re8+ Kh7 38. Kg2 Rhf3 39.
Rd8 Rf2+ 40. Kg1 Rxb2 41. Ree8 Rxa2 42. Rh8+ Kg6 43. Rd6+ Rf6 44. Rd7 Nxd7 0-1